01486nam a2200325 i 4500003000900000005001700009007000300026008004100029020002800070020002700098040003000125082001300155100002900168240011800197245026400315264007800579300003600657336002700693337003300720338002800753490004400781500007300825500003600898500003800934504003300972700004301005700003801048700003301086700004101119DO-SdBNP20240611135350.0ta240611s2023 dr d r 000 0 spa d a9789945634266 (impreso) a9789945634273 (online) aDO-SdBNPbspacBNPHUerda bG351222 aGeorges, Eugeniaeautora aThe making of a transnational community : migration, development, and cultural change in the Dominican Republic /13aLa formación de una comunidad transnacional : bmigración, desarrollo y cambio cultural en la República Dominicana /cEugenia Georges ; presentación Samuel Pereyra Rojas, Wilfredo Lozano ; prólogo Rosario Espinal ; traducción Gabriela Blanco Bobea 1aSanto Domingo :bInstituto Nacional de Migración,bBanreservas,c2023.  a334 páginasbgraficasc23 cm. 2rdacontentatextobtxt 2rdamediaasin mediaciónbn 2rdacarrieravolumenbnc1 aClásicos de la migración dominicana aIncluye datos biográficos de la autora en la solapa de la portada. aIncluye índice onomástico.  aIncluye notas a pie de páginas. aBibliografías : p. 311-3271 aPereyra Rojas, Samuelepresentación 1 aLozano, Wilfredoepresentación 1 aEspinal, Rosarioeprólogo 1 aBlanco Bobea, Gabrielaetraducción